One Direction Quiz - Statistics

General Stats
  • This quiz has been taken 1,017 times
  • The average score is 13 of 15
Answer Stats
Hint Answer % Correct
Who is the oldest member? Louis
100%
How has four nipples? Harry
99%
Who said that he would marry David Hassellhoff in their video Diaries? Harry
99%
Who love tacos Harry
99%
Who is considered the ''Daddy Directioner"? Liam
98%
Who Is terrified of spoons? Liam
98%
What member quit the band in 2015 Zayn
98%
Who was considered Vain by Louis Zayn
98%
What is Harry's eye color? Green
96%
Who Love Nando's Niall
95%
What is Harry's Blood type? B+
90%
What is Niall Horan's favorite color? Green
85%
What color does Zayn Malik like on girls? Pink
60%
Who has the strongest relationship in the band? Harry and Louis
50%
How long was 1D Day? 7 Hours
33%
No matching quizzes found
Score Distribution
Percent of People with Each Score
Percentile by Number Answered
Your Score History
You have not taken this quiz